000 00835pam a2200277 a 4500
001 2322
005 20260114103743.0
020 _a044841127X
020 _a070918003998
040 _aDLC
_cDLC
_dDLC
_beng
050 0 0 _aPZ8.3.M716
_bWh 1996
082 0 0 _a430
_220
100 1 _aMoffatt, Judith
245 1 0 _aWho stole the cookies? /
_cby Judith Moffatt.
260 _aNew York :
_bGrosset & Dunlap
_c1996
300 _a29 unnumbered pages :
_bIllustrations
_c23 cm
505 _aE
520 _aEach in a series of animals denies taking the cookies, but the true thief turns up in a cave.
521 _a270
_bLexile
521 _aE
_bRaz-Plus
650 1 _aCookies
_xFiction.
650 1 _aAnimals
_xFiction.
650 1 _aStories in rhyme.
906 _a7
_bcbc
_corignew
_d1
_eocip
_f19
_gy-gencatlg
942 _2ddc
_cBK
_n0
999 _c2322
_d2322